Fogókban a deviza
Elmentve itt :
| Dokumentumtípus: | Cikk |
|---|---|
| Megjelent: |
1966-04-21
|
| Sorozat: | Délmagyarország
56 No. 93 |
| Kulcsszavak: | Kéziszerszámgyár, Szerszámgyártás export 1966 |
| Online Access: | http://dmarchiv.bibl.u-szeged.hu/67555 |
| LEADER | 00424nab a2200145 i 4500 | ||
|---|---|---|---|
| 001 | delm67555 | ||
| 005 | 20180927153728.0 | ||
| 008 | 180927s1966 hu o 0|| hun d | ||
| 040 | |a SZTE Délmagyarország Archívum |b hun | ||
| 041 | |a hun | ||
| 245 | 0 | 0 | |a Fogókban a deviza |h [elektronikus dokumentum] |
| 260 | |c 1966-04-21 | ||
| 300 | |a 5 | ||
| 490 | 0 | |a Délmagyarország |v 56 No. 93 | |
| 695 | |a Kéziszerszámgyár, Szerszámgyártás export 1966 | ||